| 000 | 01314cam a2200289 i 4500 | ||
|---|---|---|---|
| 003 | SA-RiAUC | ||
| 005 | 20260315135132.0 | ||
| 008 | 260113s1908 ua g 000 0 ara c | ||
| 040 |
_aEG-CaDAJ _bara _cSA-RiAUC _erda |
||
| 082 | 0 | 4 |
_a251.15 _qSA-RiAUC |
| 090 |
_aم ن 251.1 _bح س ي |
||
| 100 | 1 |
_aالحسيني، أحمد _eمؤلف. |
|
| 245 | 1 | 0 |
_aرسالة في الأصول، المسماة، تحفة الرأي السديد الأحمد لضياء التقليد والمجتهد / _cأحمد الحسيني. |
| 246 | 3 | 3 | _aتحفة الرأي السديد الأحمد لضياء التقليد والمجتهد |
| 264 | 1 |
_a[مكان النشر غير محدد] : _b[الناشر غير محدد]، _c[1908] |
|
| 264 | 3 |
_aالقاهرة : _bمطبعة كردستان العلمية |
|
| 300 |
_a84 صفحة ؛ _c29 سم |
||
| 336 |
_aنص _btxt _2rdacontent _3كتاب |
||
| 337 |
_aبدون وسيط _bn _2rdamedia |
||
| 338 |
_aمجلد _bnc _2rdacarrier |
||
| 650 | 7 |
_aالاجتهاد (أصول فقه) _2aucsh |
|
| 650 | 7 |
_aالتقليد (أصول فقه) _2aucsh |
|
| 856 | 4 | _uhttp://10.10.10.21/hipres/1833/book.Web/bookTestPage.html | |
| 942 |
_2ddc _cRBOOK COPY _n0 |
||
| 949 |
_aSA-JeALM _d260113 _umohamedma123 _n1 |
||
| 999 |
_c14600 _d14600 |
||